00504nmm a2200169Ia 4500008004100000020001800041041000800059100003100067245006300098264005800161300001800219490001500237650000800252856005000260942000700310999001700317251105s9999||||xx |||||||||||||||||und|| a9789587410587 aspa aPlata López, Luis Carlos 0aResponsabilidad civil por infracciones al derecho de autor a[Bogotá, Colombia] :bUniversidad del Norte, c2010 a220 páginas aJurídica aLaw uhttps://public.digitaliapublishing.com/a/9187 cCF c95878d95878